000 00952nam a2200289 i 4500
001 12069
003 KOSZ 005
005 20191022083939.0
008 070620s1969 pl a f 000 0 pol
015 _aPB 1970/1844
040 _aWA N
_cWA N
_dKOSZ 005/RW
_dKOSZ 005/HR
046 _k1969
080 _a621.01
080 _a536
245 0 0 _aZbiór zadań z teorii maszyn cieplnych /
_cJ. Gąsiorowski [et al.].
260 _aWarszawa :
_bWydawnictwa Naukowo-Techniczne,
_c1969.
300 _a276 s., [7] k. tabl. :
_bil. ;
_c25 cm.
380 _aKsiążki.
388 _a1901-2000
658 _aInżynieria i technika
655 4 _aĆwiczenia i zadania
650 4 _aMaszyny cieplne
700 1 _aGąsiorowski, Jerzy.
_eAutor
710 2 _aWydawnictwa Naukowo-Techniczne
_4pbl.
856 _uhttp://koha.tu.koszalin.pl/cgi-bin/koha/opac-detail.pl?biblionumber=12069
_yKatalog online BPK
942 _2UKD
_cKS
999 _c12069
_d12069